Martirologio de la Iglesia chilena: Juan Alsina y sacerdotes víctimas del terrorismo de Estado
Збережено в:
| Автор: | |
|---|---|
| Формат: | Книга |
| Мова: | Іспанська |
| Опубліковано: |
Santiago
Lom
2001
|
| Редагування: | 1a. ed |
| Серія: | Colección Septiembre
|
| Предмети: | |
| Теги: |
Додати тег
Немає тегів, Будьте першим, хто поставить тег для цього запису!
|
MARC
| LEADER | 00000cam a2200000 a 4500 | ||
|---|---|---|---|
| 001 | UCC6351 | ||
| 003 | CL-VaPUC | ||
| 008 | 181207e20010000cl |||||||||||||||||spa|d | ||
| 020 | |a 9562825371 | ||
| 082 | 0 | 4 | |a 271.2 |b JOR |2 21 |
| 100 | |a Jordá Sureda, Miguel |e author |9 600986 | ||
| 245 | 1 | 0 | |a Martirologio de la Iglesia chilena: Juan Alsina y sacerdotes víctimas del terrorismo de Estado |
| 250 | |a 1a. ed | ||
| 300 | |a 280 p | ||
| 942 | |c BK | ||
| 945 | |d 20181207 13:37:00 |a dcastane | ||
| 260 | |a Santiago |b Lom |c 2001 | ||
| 650 | 7 | |a CONGREGACIONES RELIGIOSAS |2 CL-VaPUC |9 398089 | |
| 650 | 7 | |a MARTIRES RELIGIOSOS |2 CL-VaPUC |9 467495 | |
| 650 | 7 | |a MARTIRES CATOLICOS |2 CL-VaPUC |9 600775 | |
| 583 | |a last modification |c 20181207 13:37:00 |k Rodrigo Vera | ||
| 490 | 0 | |a Colección Septiembre | |
| 999 | |c 373300 |d 373298 | ||
| 952 | |0 0 |1 0 |3 erb |4 0 |6 271_200000000000000_JOR_2001 |7 0 |8 A |9 491370 |a BIBTEO |b BIBTEO |e Precht Pizarro, Jorge Enrique |i 5519861 |o 271.2 JOR 2001 |p 5519861 |r 2025-01-17 |w 2019-11-24 |y BK |z Catalogado en:20181207 |k ICR | ||